000 00201nam a2200073Ia 4500
008 170817s9999 xx 000 0 und d
100 _aRatho.T.N
245 0 _aEmerging Trends In Teaching Chemistry
260 _bKanishka Publishers Delhi
999 _c39141
_d39141